000 00600nam a2200205Ia 4500
005 20250508160734.0
008 008 250505s9999 xx 000 0 eng d
020 _a0-13-281287-8
037 _aTextual
040 _aFEDL
_beng
_cFEDL
041 _aeng
_2eng
084 _a372.942, WEB
_qFEDL
100 _aWeber Lilliam
_9769246
245 0 _aEnglish infant school and informal education
260 _aEnglewood Cliffs
_bPrentice-Hall
_c1971
300 _axii,276p
546 _aA center for Urban education book
942 _cTEXL
_h372.942, WEB
999 _c1366338
_d1366338